| 000 | 00000nam##2200000za#4500 |
| 001 | 9.567673 |
| 003 | CaOODSP |
| 005 | 20210624180906 |
| 007 | cr ||||||||||| |
| 008 | 150406|1998||||xxc|||||o f|0| 0 eng|d |
| 040 | |aCaOODSP|beng |
| 043 | |an-cn--- |
| 086 | 1 |aBT31-2/1999-III-81E-PDF |
| 110 | 1 |aCanada. |bTreasury Board. |
| 245 | 10|aAtlantic Canada Opportunities Agency, 1998-99 estimates, a report on plans and priorities |h[electronic resource] |
| 260 | |bTreasury Board of Canada Secretariat |c[1998]. |
| 300 | |a66p.|bgraphs, organization charts, tables, index |
| 490 | 1 |a1998-99 estimates. Part III, Report on plans and priorities |v1998-99 |
| 590 | |a10-12-Supp|b2010-11-18 |
| 775 | 08|tAgence de promotion économique du Canada atlantique, budget des dépenses 1998-1999, rapport sur les plans et les priorités |w(CaOODSP)9.599003 |
| 776 | 0#|tAtlantic Canada Opportunities Agency |w(CaOODSP)9.530388 |
| 776 | 0#|tAgence de promotion économique du Canada atlantique |w(CaOODSP)9.530389 |
| 830 | #0|a1998-99 estimates. Part III, Report on plans and priorities ;|v1998-99|w(CaOODSP)9.505714 |
| 856 | 40|ahttp://publications.gc.ca|qPDF|s214 KB|uhttps://publications.gc.ca/collections/Collection/BT31-2-1999-III-81E.pdf|y1998-99 |